| 000 | 00697nam a2200229Ia 4500 | ||
|---|---|---|---|
| 005 | 20250508165420.0 | ||
| 008 | 008 250505s9999 xx 000 0 eng d | ||
| 020 | _a9787-81-250-5501 3 | ||
| 037 | _aTextBook | ||
| 040 |
_aFEDL _beng _cFEDL |
||
| 041 |
_aeng _2eng |
||
| 084 |
_a418.007, OMA/R _qFEDL |
||
| 100 |
_aO'Malley J Michael _918175 |
||
| 245 | 0 | _aLearning strategies in second language acquisition | |
| 260 |
_aNew York, USA _bCambridge University Press _c1990 |
||
| 300 | _axi, 260p. | ||
| 365 |
_aINR _b2810 |
||
| 490 | _aCambridge Applied Linguistics Series | ||
| 700 |
_a Chamot Anna UhI _9780787 |
||
| 942 |
_cTB _h418.007, OMA/R |
||
| 999 |
_c1394989 _d1394989 |
||